000 01075nam a2200301 a 4500
001 000004534
003 DO-SdBNP
005 20220906132639.0
008 090723s2009 cl 001 0 spa d
020 _a9789978317679
040 _aDO-SdBNP
_bspa
_cBNPHU
082 4 _a986.603
_bL847m
100 1 _aLondoño Lopez, Jenny
_913242
245 1 4 _aLas mujeres en la independencia /
_cJenny Londoño Lopez; introducción Jorge Núñez Sánchez.
260 _aQuito :
_bCampaña Nacional Eugenio Espejo por el Libro y la Lectura,
_c2009.
300 _a157 p. ;
_c22 cm.
490 1 _aBicentenaria
500 _aIncluye índice
500 _aIncluye notas al pie de páginas
500 _aIncluye datos biográficos del autor en la solapa de cubierta
504 _aBibliografía: p. 155-157
590 _aLa biblioteca posee un ejemplar ortografiado
650 4 _aMujeres
_xHistoria
_zQuito
_zEcuador
_ySIGLO 18
_913243
650 4 _aMujeres en la independencia
_913244
700 1 _aNúñez Sánchez, Jorge
_913245
830 0 _aBicentenaria
_913246
942 _2ddc
_cLBS1
999 _c4343
_d4343